[Event "Olomouc Chess Summer 2025 - A"]
[Site "Olomouc (CZE), Hotel Flora"]
[Date "2025.08.17"]
[Round "1"]
[Board "3"]
[White "Szwed, Jacek"]
[Black "Ernst, Robert"]
[Result "1/2-1/2"]
[WhiteElo "2321"]
[BlackElo "2365"]
[PlyCount "0"]
[EventDate "2025.08.17"]
[EventRounds "9"]
[EventCountry "CZE"]

1. e4 c5 2. Nf3 Nc6 3. Bb5 e6 4. O-O Nge7 5. b3 a6 6. Bxc6 Nxc6 7. Bb2 b5 8. c4 bxc4
9. bxc4 Rb8 10. Bc3 Qc7 11. Na3 f6 12. Nh4 Ne5 13. f4 Nf7 14. Qg4 d5 15. exd5 exd5
16. Rae1+ Be7 17. Qxg7 d4 18. Ba1 Rb6 19. f5 Qd6 20. Rf2 Rb7 21. Rfe2 Rf8 22. Qxh7
Rh8 23. Qg6 Kf8 24. Qg4 Rxh4 25. Qxh4 Bxf5 26. Qh5 Bd3 27. Qf3 Bxe2 28. Qxb7 Bd3
29. Qc8+ Kg7 30. Bb2 Qf4 31. Bc1 Bd6 32. Qh3 Ne5 33. Qg3+ Qxg3 34. hxg3 Kf7 35. Kf2
Ng4+ 36. Kf3 Nh2+ 37. Kf2 Ng4+ 38. Kf3 Nh2+  1/2-1/2

[Event "Olomouc Chess Summer 2025 - A"]
[Site "Olomouc (CZE), Hotel Flora"]
[Date "2025.08.17"]
[Round "1"]
[Board "4"]
[White "Kusa, Jakub"]
[Black "Cieslak, Patryk"]
[Result "1/2-1/2"]
[WhiteElo "2387"]
[BlackElo "2470"]
[PlyCount "0"]
[EventDate "2025.08.17"]
[EventRounds "9"]
[EventCountry "CZE"]

1. d4 d5 2. Nf3 Nf6 3. c4 e6 4. g3 dxc4 5. Bg2 Bb4+ 6. Bd2 a5 7. Qc2 Bxd2+ 8. Qxd2
c6 9. a4 b5 10. axb5 cxb5 11. Qg5 Nbd7 12. Qxg7 Rg8 13. Qh6 Bb7 14. O-O Rc8 15. Nbd2
b4 16. Rfc1 Rg6 17. Qh4 Rg4 18. Qh6 Rg6 19. Qh4 Rg4 20. Qh6 Rg6 21. Qh4  1/2-1/2

[Event "Olomouc Chess Summer 2025 - A"]
[Site "Olomouc (CZE), Hotel Flora"]
[Date "2025.08.18"]
[Round "2"]
[Board "1"]
[White "Pacher, Milan"]
[Black "Frank, Adam"]
[Result "1/2-1/2"]
[WhiteElo "2392"]
[BlackElo "2371"]
[PlyCount "0"]
[EventDate "2025.08.17"]
[EventRounds "9"]
[EventCountry "CZE"]

1. d4 d5 2. c4 e6 3. Nc3 c5 4. cxd5 exd5 5. Nf3 Nf6 6. Bg5 Be6 7. e4 Be7 8. e5 Ne4
9. Bxe7 Qxe7 10. Bd3 Nxc3 11. bxc3 cxd4 12. cxd4 Nc6 13. O-O O-O 14. h3 Rac8 15.
Qd2 h6 16. Rfc1 Qd7 17. Rab1 Rc7 18. a4 Rfc8 19. Bb5 Bf5 20. Rb2 Be4 21. Nh2 a6 22.
Bxc6 Rxc6 23. Rxc6 Qxc6 24. Ng4 Qxa4 25. Rxb7 Qc6 26. Qb2 Qc1+ 27. Qxc1 Rxc1+ 28.
Kh2 Rc4 29. Ra7 Ra4 30. f3 Bd3 31. Ra8+ Kh7 32. Ra7 Kg8 33. Ra8+ Kh7 34. Ra7 Kg8
 1/2-1/2

[Event "Olomouc Chess Summer 2025 - A"]
[Site "Olomouc (CZE), Hotel Flora"]
[Date "2025.08.18"]
[Round "2"]
[Board "2"]
[White "Cieslak, Patryk"]
[Black "Gnojek, Petr"]
[Result "1/2-1/2"]
[WhiteElo "2470"]
[BlackElo "2425"]
[PlyCount "0"]
[EventDate "2025.08.17"]
[EventRounds "9"]
[EventCountry "CZE"]

1. e4 c5 2. Nf3 d6 3. d4 cxd4 4. Nxd4 Nf6 5. Nc3 e6 6. g4 h6 7. Rg1 Nc6 8. Be3 e5
9. Nf5 Be6 10. Qf3 Qa5 11. O-O-O O-O-O 12. Bd2 d5 13. exd5 Nxd5 14. Bc4 Ndb4 15.
Qe4 Nd4 16. Bxe6+ Nxe6 17. Qc4+ Kb8 18. a3 Rc8 19. Qb3 g6 20. axb4 Bxb4 21. Be3 gxf5
22. Rd5 Nc5 23. Bxc5 Rxc5 24. Rxc5 Qxc5 25. Nd1 f4 26. c3 Ba5 27. Qxf7  1/2-1/2

[Event "Olomouc Chess Summer 2025 - A"]
[Site "Olomouc (CZE), Hotel Flora"]
[Date "2025.08.18"]
[Round "2"]
[Board "3"]
[White "Ernst, Robert"]
[Black "Kusa, Jakub"]
[Result "1/2-1/2"]
[WhiteElo "2365"]
[BlackElo "2387"]
[PlyCount "0"]
[EventDate "2025.08.17"]
[EventRounds "9"]
[EventCountry "CZE"]

1. e4 c6 2. d4 d5 3. Nd2 dxe4 4. Nxe4 Nf6 5. Nxf6+ exf6 6. c3 Bd6 7. Bd3 O-O 8. Qc2
Re8+ 9. Ne2 h6 10. O-O Nd7 11. Ng3 Nb6 12. Bd2 Nd5 13. Nf5 Bxf5 14. Bxf5 Bf4 15.
Rfe1 Qd6 16. g3 Bxd2 17. Qxd2 g6 18. Bd3 Kg7 19. Re2 Rxe2 20. Qxe2 Nc7 21. Qc2 Ne6
22. Be4 Re8 23. Bg2 Re7 24. Rd1 Rd7 25. Re1 Re7 26. Qe4 Re8 27. Re2 Nc7 28. Qd3 Re6
29. Re3 f5 30. Qe2 f4 31. Rxe6 Nxe6 32. Qe4 fxg3 33. hxg3 f5 34. Qe3 f4 35. Qe4 fxg3
36. fxg3 Ng5 37. Qe3 Nf7 38. Kf2 h5 39. Qf4 Qxf4+ 40. gxf4 Nd6 41. Bf1 Kf6 42. Bd3
Nf5 43. Kf3 Nh4+ 44. Kg3 Nf5+  1/2-1/2

[Event "Olomouc Chess Summer 2025 - A"]
[Site "Olomouc (CZE), Hotel Flora"]
[Date "2025.08.18"]
[Round "2"]
[Board "4"]
[White "Simacek, Pavel"]
[Black "Szwed, Jacek"]
[Result "1/2-1/2"]
[WhiteElo "2399"]
[BlackElo "2321"]
[PlyCount "0"]
[EventDate "2025.08.17"]
[EventRounds "9"]
[EventCountry "CZE"]

1. d4 d5 2. c4 dxc4 3. e4 e5 4. Nf3 exd4 5. Bxc4 Nc6 6. O-O Be6 7. Bxe6 fxe6 8. Qb3
Qd7 9. Qxb7 Rb8 10. Qa6 Nge7 11. Nbd2 Ng6 12. Nb3 Be7 13. Bd2 O-O 14. Rac1 Rb6 15.
Qc4 Rxf3 16. gxf3 Nce5 17. Qxc7 Nxf3+ 18. Kh1 Qb5 19. Bf4 Qe2 20. Bg3 Nfh4 21. Bxh4
Qf3+ 22. Kg1 Nf4 23. Qxf4 Qxf4 24. Bxe7 Qg4+ 25. Kh1 Qf3+ 26. Kg1 Qg4+ 27. Kh1 Qf3+
28. Kg1 Qg4+  1/2-1/2

[Event "Olomouc Chess Summer 2025 - A"]
[Site "Olomouc (CZE), Hotel Flora"]
[Date "2025.08.18"]
[Round "3"]
[Board "2"]
[White "Szwed, Jacek"]
[Black "Haba, Petr"]
[Result "1/2-1/2"]
[WhiteElo "2321"]
[BlackElo "2402"]
[PlyCount "0"]
[EventDate "2025.08.17"]
[EventRounds "9"]
[EventCountry "CZE"]

1. Nf3 d5 2. g3 Nf6 3. Bg2 c6 4. O-O Bf5 5. d3 e6 6. Nbd2 h6 7. Qe1 Be7 8. e4 Bh7
9. Qe2 a5 10. a4 Na6 11. b3 O-O 12. Bb2 Re8 13. Ne1 b5 14. Nef3 bxa4 15. e5 Nd7 16.
Rxa4 Nb4 17. Rc1 Nb6 18. Raa1 a4 19. Ne1 axb3 20. Rxa8 Qxa8 21. Nxb3 Qb7 22. Ra1
Ra8 23. Qd2 Rxa1 24. Bxa1 Na4 25. Nc1 Qb6 26. Kf1 Na6 27. Nb3 Bb4 28. Qe3 c5 29.
Nf3 Qb8 30. Qc1 Qb5 31. Kg1 Nc3 32. Bf1 Qa4 33. Bb2 Nc7 34. Qa1 N7b5 35. Qxa4 Nxa4
36. Bc1 Na3 37. c4 dxc4 38. dxc4 Nb6 39. Nfd2 Bc2 40. Bxa3 Bxa3 41. f4 Bb4 42. Kf2
 1/2-1/2

[Event "Olomouc Chess Summer 2025 - A"]
[Site "Olomouc (CZE), Hotel Flora"]
[Date "2025.08.18"]
[Round "3"]
[Board "3"]
[White "Kusa, Jakub"]
[Black "Simacek, Pavel"]
[Result "1-0"]
[WhiteElo "2387"]
[BlackElo "2399"]
[PlyCount "0"]
[EventDate "2025.08.17"]
[EventRounds "9"]
[EventCountry "CZE"]

1. d4 Nf6 2. Nf3 c5 3. d5 b5 4. e4 Nxe4 5. Bd3 Qa5+ 6. Nbd2 Nf6 7. O-O c4 8. Be4
d6 9. a4 Bb7 10. Re1 Nbd7 11. Nd4 a6 12. b4 Qb6 13. Bb2 Nxe4 14. Nxe4 Bxd5 15. a5
Qb8 16. Nc6 Bxc6 17. Nxd6+ Kd8 18. Nxf7+ Kc8 19. Nxh8 Qf4 20. Qh5 e5 21. Rad1 g6
22. Qxh7 Bxb4 23. Qxg6  1-0

[Event "Olomouc Chess Summer 2025 - A"]
[Site "Olomouc (CZE), Hotel Flora"]
[Date "2025.08.18"]
[Round "3"]
[Board "4"]
[White "Gnojek, Petr"]
[Black "Ernst, Robert"]
[Result "1/2-1/2"]
[WhiteElo "2425"]
[BlackElo "2365"]
[PlyCount "0"]
[EventDate "2025.08.17"]
[EventRounds "9"]
[EventCountry "CZE"]

1. d4 d5 2. c4 c6 3. Nf3 Nf6 4. Nc3 dxc4 5. a4 Bf5 6. Ne5 Nbd7 7. Nxc4 Nb6 8. Ne5
a5 9. f3 Nfd7 10. Nxd7 Bxd7 11. e4 e6 12. Bf4 Bb4 13. Be2 O-O 14. O-O Rc8 15. Kh1
c5 16. d5 exd5 17. Nxd5 Nxd5 18. Qxd5 Bc6 19. Qh5 Qf6 20. Be5 Qe7 21. Bg3 f6 22.
Bc4+ Kh8 23. e5 Qe8 24. Qxe8 Rfxe8 25. exf6 gxf6 26. b3 Rcd8 27. Rad1 Kg7 28. Bc7
Rd7 29. Bb6 Re3 30. Kg1 Kf8 31. Bd8 Bc3 32. Rxd7 Bxd7 33. Rd1 Bd4 34. Kf1 Bf5 35.
Rd2 Rc3 36. Bxa5 Rc1+ 37. Ke2 Rg1 38. g4 Rg2+ 39. Ke1 Rg1+ 40. Bf1 Be6 41. Rd3 Bf7
42. Bc3 Bg6 43. Rxd4 cxd4 44. Bxd4 Rh1 45. Kf2 Rxh2+ 46. Bg2 Bc2 47. Be3 Bxb3 48.
a5 Kf7  1/2-1/2

[Event "Olomouc Chess Summer 2025 - A"]
[Site "Olomouc (CZE), Hotel Flora"]
[Date "2025.08.18"]
[Round "3"]
[Board "5"]
[White "Frank, Adam"]
[Black "Cieslak, Patryk"]
[Result "1/2-1/2"]
[WhiteElo "2371"]
[BlackElo "2470"]
[PlyCount "0"]
[EventDate "2025.08.17"]
[EventRounds "9"]
[EventCountry "CZE"]

1. e4 c5 2. Nf3 d6 3. d4 cxd4 4. Nxd4 Nf6 5. Nc3 a6 6. Bg5 e6 7. f4 Qc7 8. Bxf6 gxf6
9. Be2 Nc6 10. Qd2 Bd7 11. O-O-O Nxd4 12. Qxd4 Qc5 13. Kb1 Qxd4 14. Rxd4 h5 15. Bf3
O-O-O 16. Rhd1 Kc7 17. Ne2 Be7 18. c4 h4 19. R4d3 Bc8 20. Bg4 Rhg8 21. h3 Bd7 22.
f5 Bc6 23. fxe6 fxe6 24. Nf4 Bxe4 25. Nxe6+ Kb6 26. Nxd8 Bxd8 27. Bf3 Bh7 28. Kc1
Bxd3 29. Rxd3 Kc7 30. Rd5 Rh8 31. Kd2 Be7 32. Kd3 Bf8 33. Rf5 Bg7 34. Rf4 f5 35.
Rxf5 Rf8 36. Rh5 Rh8 37. Rf5 Rf8 38. Ke4 Rxf5 39. Kxf5 Be5 40. b3  1/2-1/2

[Event "Olomouc Chess Summer 2025 - A"]
[Site "Olomouc (CZE), Hotel Flora"]
[Date "2025.08.19"]
[Round "4"]
[Board "1"]
[White "Pacher, Milan"]
[Black "Cieslak, Patryk"]
[Result "1/2-1/2"]
[WhiteElo "2392"]
[BlackElo "2470"]
[PlyCount "0"]
[EventDate "2025.08.17"]
[EventRounds "9"]
[EventCountry "CZE"]

1. e4 c5 2. Nf3 d6 3. d4 cxd4 4. Nxd4 Nf6 5. Nc3 a6 6. Bg5 Nbd7 7. f4 Qa5 8. Qf3
h6 9. Bxf6 Nxf6 10. f5 g5 11. O-O-O Qc5 12. Nb3 Qc7 13. Nd5 Nxd5 14. exd5 Bg7 15.
h4 Bd7 16. Kb1 O-O-O 17. Rh3 Qb6 18. Qe4 Kb8 19. g4 Rc8 20. hxg5 hxg5 21. Rxh8 Bxh8
22. Qxe7 Qc7 23. Bd3 a5 24. a3 Be5 25. Nxa5 Qb6 26. Nb3 Ba4 27. Ka2 Bxb3+ 28. cxb3
Qd4 29. Rd2 Qe3 30. Rd1 Qd4 31. Rd2 Bf4 32. Rd1 Be5  1/2-1/2

[Event "Olomouc Chess Summer 2025 - A"]
[Site "Olomouc (CZE), Hotel Flora"]
[Date "2025.08.19"]
[Round "4"]
[Board "2"]
[White "Ernst, Robert"]
[Black "Frank, Adam"]
[Result "1-0"]
[WhiteElo "2365"]
[BlackElo "2371"]
[PlyCount "0"]
[EventDate "2025.08.17"]
[EventRounds "9"]
[EventCountry "CZE"]

1. e4 c5 2. Nf3 d6 3. d4 cxd4 4. Nxd4 Nf6 5. Nc3 a6 6. h3 Nc6 7. Be3 g6 8. Qd2 Bg7
9. O-O-O O-O 10. f3 d5 11. exd5 Nxd5 12. Nxc6 bxc6 13. Bd4 e5 14. Bc5 Re8 15. Ne4
Qc7 16. h4 h6 17. h5 g5 18. g4 Be6 19. Bc4 a5 20. a4 Red8 21. Bb3 Rab8 22. Qf2 f5
23. gxf5 Bxf5 24. Rd3 Kh8 25. Rhd1 g4 26. Re1 gxf3 27. Rxf3 Nf4 28. Rg3 Bxe4 29.
Rxe4 Nxh5 30. Rg1 Nf4 31. Re3 Qd7 32. Kb1 Qf5 33. Reg3 Rd7 34. Ka2 Qe4 35. Re3 Qh7
36. Qe1 Nd5 37. Rxe5 Rdd8 38. Qg3 Bf6 39. Re6 Rg8 40. Qh2 Rxg1 41. Qxb8+ Rg8 42.
Qd6 Bg7 43. Qxc6 Nb4+ 44. Bxb4 axb4 45. Re8 Rf8 46. Qe6 h5 47. Qf7  1-0

[Event "Olomouc Chess Summer 2025 - A"]
[Site "Olomouc (CZE), Hotel Flora"]
[Date "2025.08.19"]
[Round "4"]
[Board "3"]
[White "Simacek, Pavel"]
[Black "Gnojek, Petr"]
[Result "1-0"]
[WhiteElo "2399"]
[BlackElo "2425"]
[PlyCount "0"]
[EventDate "2025.08.17"]
[EventRounds "9"]
[EventCountry "CZE"]

1. d4 f5 2. Nf3 Nf6 3. g3 e6 4. Bg2 d5 5. O-O Bd6 6. c4 c6 7. b3 Qe7 8. a4 a5 9.
Ba3 Bxa3 10. Nxa3 b6 11. Ne5 Bb7 12. Qd3 O-O 13. cxd5 cxd5 14. Rfc1 Ne4 15. Bxe4
fxe4 16. Qe3 Na6 17. Nb5 Rfc8 18. Rxc8+ Rxc8 19. Rc1 Nb4 20. Rxc8+ Bxc8 21. Qc1 Ba6
22. Kf1 Bxb5 23. axb5 Qd8 24. h4 h5 25. Kg2 Qb8 26. Qg5 Qe8 27. Ng6 Nc2 28. Qxh5
Nxd4 29. Qh8+ Kf7 30. Ne5+ Ke7 31. Qxg7+ Kd6 32. Nf7+ Kc5 33. h5 Nf5 34. Qf6 Qe7
35. Qxe7+ Nxe7 36. h6 Ng6 37. h7 d4 38. f4 Kb4 39. Ne5 Nh8 40. g4 Kxb3 41. g5 d3
42. exd3 exd3 43. Nxd3 a4 44. Ne5 a3 45. g6  1-0

[Event "Olomouc Chess Summer 2025 - A"]
[Site "Olomouc (CZE), Hotel Flora"]
[Date "2025.08.19"]
[Round "4"]
[Board "4"]
[White "Haba, Petr"]
[Black "Kusa, Jakub"]
[Result "1/2-1/2"]
[WhiteElo "2402"]
[BlackElo "2387"]
[PlyCount "0"]
[EventDate "2025.08.17"]
[EventRounds "9"]
[EventCountry "CZE"]

1. Nf3 d5 2. g3 Bg4 3. Bg2 Nf6 4. O-O e6 5. c4 c6 6. d3 Be7 7. Qb3 Qb6 8. Be3 Qxb3
9. axb3 a6 10. Nbd2 Nbd7 11. h3 Bh5 12. Bd4 c5 13. Be3 h6 14. d4 O-O 15. dxc5 Bxc5
16. Bxc5 Nxc5 17. g4 Bg6 18. Ne5 Bh7 19. b4 Nce4 20. Bxe4 Nxe4 21. Nxe4 Bxe4 22.
f3 Bh7 23. cxd5 exd5 24. Nd7 Rfe8 25. Kf2 Re7 26. Nc5 Rae8 27. Rfe1 d4 28. Rad1 b6
29. Nxa6 Rd8 30. Rd2 Bg6 31. b5 Re5 32. Nb4 Rxb5 33. Nc6 Ra8 34. Nxd4 Rb4 35. b3
f6 36. Rc1 Bf7 37. Rc3 Rd8 38. e3 Rd5 39. Rdc2 Rc5 40. Rxc5 bxc5 41. Rxc5 Bxb3 42.
Rc8+ Kh7 43. Rc7 Kg8 44. h4 Bf7 45. Kg3 Ra4 46. Rd7 Ra5 47. e4 h5 48. Nc6 Rc5 49.
Ne7+ Kf8 50. Nf5 Be6 51. Ra7 Bxf5 52. gxf5 Rc2 53. Rd7 Re2 54. Rd4 Ke7 55. Rd1 Kf7
56. Rg1 Kf8 57. Rg2 Re1 58. Kf2 Rh1 59. Rg1 Rh2+ 60. Kg3  1/2-1/2

[Event "Olomouc Chess Summer 2025 - A"]
[Site "Olomouc (CZE), Hotel Flora"]
[Date "2025.08.20"]
[Round "5"]
[Board "1"]
[White "Szwed, Jacek"]
[Black "Pacher, Milan"]
[Result "0-1"]
[WhiteElo "2321"]
[BlackElo "2392"]
[PlyCount "0"]
[EventDate "2025.08.17"]
[EventRounds "9"]
[EventCountry "CZE"]

1. e4 e5 2. d4 exd4 3. Qxd4 Nc6 4. Qe3 Nf6 5. Nc3 Bb4 6. Bd2 O-O 7. O-O-O Re8 8.
Bc4 d6 9. Nf3 Be6 10. Bxe6 Rxe6 11. Ng5 Re8 12. a3 Bc5 13. Qg3 Ne5 14. Na4 Bd4 15.
Bc3 Bxc3 16. Nxc3 h6 17. Nh3 Ng6 18. f3 Re5 19. Rhe1 Qe7 20. Qf2 b5 21. Qd4 a5 22.
Nf2 Nf4 23. Qd2 Nxg2 24. Rg1 Nh4 25. Qxh6 Ng6 26. Qd2 b4 27. Nb1 Rb5 28. a4 Rh5 29.
Nd3 d5 30. Nf4 Nxf4 31. Qxf4 dxe4 32. fxe4 Nxe4 33. Rde1 Rh4 34. Rg4 Rxg4 35. Qxg4
Qg5+ 36. Qxg5 Nxg5 37. Nd2 Ne6 38. Re5 Kf8 39. Nb3 Ke7 40. Rxa5 Rxa5 41. Nxa5 Kd6
42. Kd2 Kd5 43. b3 Nd4 44. Kd3 Nf3 45. Nc4 Nxh2 46. Ne3+ Kc5 47. Ke4 g6 48. Kf4 f5
49. Kg3 Kd4 50. Nxf5+ gxf5 51. Kxh2 Ke3 52. a5 f4 53. a6 f3 54. a7 f2 55. a8=Q f1=Q
56. Qa7+ Kd2 57. Qxc7 Qf2+ 58. Kh1 Qf3+ 59. Kh2 Qc3 60. Qf4+ Kxc2 61. Kh1 Qe1+  0-1

[Event "Olomouc Chess Summer 2025 - A"]
[Site "Olomouc (CZE), Hotel Flora"]
[Date "2025.08.20"]
[Round "5"]
[Board "3"]
[White "Gnojek, Petr"]
[Black "Haba, Petr"]
[Result "1-0"]
[WhiteElo "2425"]
[BlackElo "2402"]
[PlyCount "0"]
[EventDate "2025.08.17"]
[EventRounds "9"]
[EventCountry "CZE"]

1. d4 d5 2. c4 c6 3. Nf3 Nf6 4. Nc3 e6 5. Bg5 h6 6. Bh4 Be7 7. e3 Nbd7 8. Rc1 O-O
9. a3 dxc4 10. Bxc4 c5 11. O-O Nb6 12. Be2 cxd4 13. Nxd4 Nfd5 14. Bxe7 Qxe7 15. Nxd5
Nxd5 16. Bf3 Nf6 17. Nb5 Rd8 18. Qb3 Ne8 19. Rfd1 Rxd1+ 20. Rxd1 Bd7 21. Nc3 Rb8
22. Qc4 b6 23. Qd4 Nf6 24. Ne4 Be8 25. Nxf6+ Qxf6 26. Qxf6 gxf6 27. Rc1 a5 28. Kf1
Kf8 29. Rc7 b5 30. b4 axb4 31. axb4 Rb6 32. Ra7 f5 33. Ke2 Rd6 34. Ra8 Ke7 35. Bb7
Rb6 36. Ra7 Kf6 37. f4 Bd7 38. Bf3 Ke7 39. Kd2 Rd6+ 40. Kc3 Kf8 41. g3 Be8 42. h3
Rd8 43. Be2 Rc8+ 44. Kd2 Rd8+ 45. Bd3 Bc6 46. Ke2 Bg2 47. Bxb5 Rb8 48. Ra5 Bxh3 49.
Kd2 Bg2 50. Kc3 Ke7 51. Ra7+ Kf6 52. Bd7 Rg8 53. Kd4 Bd5 54. b5 Rxg3 55. Be8 h5 56.
Rxf7+ Kg6 57. b6 Rg1 58. Ke5 Rb1 59. Rxf5+ Kg7 60. Rg5+ Kf8 61. Bxh5 Rxb6 62. Kf6
Ra6 63. Bg6 Ba2 64. e4  1-0

[Event "Olomouc Chess Summer 2025 - A"]
[Site "Olomouc (CZE), Hotel Flora"]
[Date "2025.08.20"]
[Round "5"]
[Board "4"]
[White "Frank, Adam"]
[Black "Simacek, Pavel"]
[Result "1/2-1/2"]
[WhiteElo "2371"]
[BlackElo "2399"]
[PlyCount "0"]
[EventDate "2025.08.17"]
[EventRounds "9"]
[EventCountry "CZE"]

1. e4 e5 2. Nf3 Nc6 3. Bb5 a6 4. Ba4 Nf6 5. O-O b5 6. Bb3 Bc5 7. c3 d6 8. a4 Rb8
9. d4 Bb6 10. a5 Ba7 11. h3 Bb7 12. Be3 Nxe4 13. d5 Bxe3 14. dxc6 Nxf2 15. Qd5 Qf6
16. Rxf2 Bc8 17. Qe4 Bxf2+ 18. Kxf2 O-O 19. Nbd2 Be6 20. Rd1 Bxb3 21. Nxb3 Qe6 22.
Qd5 Qxd5 23. Rxd5 f6 24. Ne1 Kf7 25. Nc2 Ke6 26. Nb4 Ra8 27. Na1 f5 28. Nac2 g5 29.
Rd1 h5 30. Nd5 Rf7 31. Ke3 Rh7 32. Ncb4 Ra7 33. h4 g4 34. g3 Rf7 35. Rf1 Ra8 36.
Rf2 Ra7 37. Kd3 Ra8 38. Rf1 Ra7 39. Re1 Rf8 40. b3 Kf7 41. Rf1 Ke6 42. c4 bxc4+ 43.
Kxc4 Rf7 44. Re1 Rg7 45. Nd3 Kf7 46. b4 Rg8 47. Nxe5+ dxe5 48. Rxe5 Kg6 49. Re6+
Kg7 50. Re7+ Kg6 51. Kc5 Rd8 52. Re6+ Kg7 53. Re7+ Kg6 54. Nf4+ Kf6 55. Re6+ Kf7
56. Rh6 Rd1 57. Rxh5 Rc1+ 58. Kd5 Kf6 59. Rh6+ Kg7 60. Rg6+ Kf7 61. Ke5 Ra8 62. Rf6+
Kg8 63. Nd5 Kg7 64. Nxc7 Re1+ 65. Kxf5 Rf1+ 66. Kxg4 Rxf6 67. Nxa8 Rxc6 68. Nb6 Rd6
69. Kf5 Rd4 70. Ke6 Rxb4 71. Kd6 Kg6 72. Kc6 Rb5 73. Nc4 Kh5 74. Nd6 Rxa5 75. Kb6
Ra3 76. Nc4 Rxg3 77. Kxa6 Kxh4 78. Kb5 Kg5 79. Kc5 Kf4 80. Nd6 Rd3 81. Nc4 Rd1 82.
Nd6 Ke5 83. Nc4+ Ke6 84. Ne3 Rd3 85. Nc4 Rd5+ 86. Kb4 Rh5 87. Kc3 Kd5 88. Ne3+ Ke4
89. Nc4 Rc5 90. Kb4 Rc7 91. Kb5 Kd4 92. Nb6 Rc5+ 93. Kb4 Rh5 94. Nc4 Rh1 95. Nb2
Rh8 96. Kb3 Rh7 97. Kc2 Rh3 98. Nd1 Rh1 99. Nb2 Rh2+ 100. Kb3 Rxb2+ 101. Kxb2  1/2-1/2

[Event "Olomouc Chess Summer 2025 - A"]
[Site "Olomouc (CZE), Hotel Flora"]
[Date "2025.08.20"]
[Round "5"]
[Board "5"]
[White "Cieslak, Patryk"]
[Black "Ernst, Robert"]
[Result "1-0"]
[WhiteElo "2470"]
[BlackElo "2365"]
[PlyCount "0"]
[EventDate "2025.08.17"]
[EventRounds "9"]
[EventCountry "CZE"]

1. d4 d5 2. c4 c6 3. Nf3 Nf6 4. e3 a6 5. Nc3 Bf5 6. h3 h6 7. Qb3 Ra7 8. g4 Bh7 9.
g5 hxg5 10. Nxg5 e6 11. Nxh7 Rxh7 12. Bd2 Bd6 13. Bd3 g6 14. O-O-O b5 15. cxd5 cxd5
16. Kb1 Nc6 17. Nxb5 axb5 18. Bxb5 Rc7 19. Ba5  1-0

[Event "Olomouc Chess Summer 2025 - A"]
[Site "Olomouc (CZE), Hotel Flora"]
[Date "2025.08.21"]
[Round "6"]
[Board "1"]
[White "Pacher, Milan"]
[Black "Ernst, Robert"]
[Result "0-1"]
[WhiteElo "2392"]
[BlackElo "2365"]
[PlyCount "0"]
[EventDate "2025.08.17"]
[EventRounds "9"]
[EventCountry "CZE"]

1. c4 e6 2. Nf3 d5 3. b3 Nf6 4. Bb2 b6 5. cxd5 exd5 6. e3 Bb7 7. Nc3 Nbd7 8. Rc1
a6 9. d4 Bd6 10. g3 O-O 11. Bg2 Re8 12. O-O Ne4 13. Nxe4 dxe4 14. Ne5 Bxe5 15. dxe5
c5 16. e6 Rxe6 17. Bh3 Re7 18. Qd6 Nf6 19. Rfd1 Nd5 20. Qxd8+ Rxd8 21. Rd2 f6 22.
a4 a5 23. Rcd1 Kf7 24. g4 Bc6 25. Bg2 Rdd7 26. h4 Nb4 27. Kh2 Rxd2 28. Rxd2 Rd7 29.
Rxd7+ Bxd7 30. Kg3 Bc6 31. h5 Nd3 32. Bc3 Nc1 33. Bf1 Bd5 34. g5 fxg5 35. Kg4 Bxb3
36. Kxg5 Na2 37. Be5 c4 38. Bg2 c3 39. Bxe4 c2 40. Bxc2 Bxc2 41. Bc7 Nb4 42. Bxb6
h6+ 43. Kf4 Nd5+  0-1

[Event "Olomouc Chess Summer 2025 - A"]
[Site "Olomouc (CZE), Hotel Flora"]
[Date "2025.08.21"]
[Round "6"]
[Board "2"]
[White "Simacek, Pavel"]
[Black "Cieslak, Patryk"]
[Result "1/2-1/2"]
[WhiteElo "2399"]
[BlackElo "2470"]
[PlyCount "0"]
[EventDate "2025.08.17"]
[EventRounds "9"]
[EventCountry "CZE"]

1. d4 d5 2. c4 e6 3. Nc3 Nf6 4. Nf3 Bb4 5. Bg5 Nbd7 6. e3 c5 7. cxd5 exd5 8. Be2
Qa5 9. O-O Bxc3 10. bxc3 c4 11. Qc2 Ne4 12. Rac1 Nxg5 13. Nxg5 h6 14. Nf3 O-O 15.
e4 dxe4 16. Nd2 b5 17. Qxe4 Rb8 18. a4 a6 19. axb5 axb5 20. Rfe1 Nf6 21. Qe5 Be6
22. Nxc4 Bxc4 23. Bxc4 Rfe8 24. Qc5 Rec8 25. Qe5 Re8 26. Qc5 Rec8 27. Qe5 Re8  1/2-1/2

[Event "Olomouc Chess Summer 2025 - A"]
[Site "Olomouc (CZE), Hotel Flora"]
[Date "2025.08.21"]
[Round "6"]
[Board "3"]
[White "Haba, Petr"]
[Black "Frank, Adam"]
[Result "1-0"]
[WhiteElo "2402"]
[BlackElo "2371"]
[PlyCount "0"]
[EventDate "2025.08.17"]
[EventRounds "9"]
[EventCountry "CZE"]

1. d4 Nf6 2. c4 g6 3. Nc3 Bg7 4. e4 d6 5. h3 O-O 6. Be3 Na6 7. Nf3 c5 8. Be2 cxd4
9. Nxd4 Nc5 10. Qc2 a5 11. O-O a4 12. Rad1 Qa5 13. Ndb5 Be6 14. e5 Ne8 15. exd6 exd6
16. Bd4 Be5 17. Qc1 Nc7 18. Qe3 Nxb5 19. Nxb5 Nd7 20. f4 Bxd4 21. Qxd4 Rfd8 22. Kh1
Nc5 23. Bg4 h5 24. Bxe6 Nxe6 25. Qf6 Ng7 26. Nxd6 Qc7 27. f5 Ra6 28. c5 Kh7 29. fxg6+
fxg6 30. Qg5 Ne6 31. Qe5 Nxc5 32. Rf7+ Qxf7 33. Nxf7 Rxd1+ 34. Kh2 Kg8 35. Ng5 Nd7
36. Qe8+ Kg7 37. Qf7+ Kh6 38. h4  1-0

[Event "Olomouc Chess Summer 2025 - A"]
[Site "Olomouc (CZE), Hotel Flora"]
[Date "2025.08.21"]
[Round "6"]
[Board "5"]
[White "Szwed, Jacek"]
[Black "Kusa, Jakub"]
[Result "0-1"]
[WhiteElo "2321"]
[BlackElo "2387"]
[PlyCount "0"]
[EventDate "2025.08.17"]
[EventRounds "9"]
[EventCountry "CZE"]

1. Nf3 d5 2. g3 Bg4 3. Bg2 c6 4. O-O Nd7 5. h3 Bh5 6. d3 Ngf6 7. Nbd2 e5 8. e4 Be7
9. Qe1 O-O 10. exd5 Nxd5 11. Nc4 f6 12. Bd2 Re8 13. Nh4 Qc7 14. a4 Rad8 15. b4 Bf7
16. b5 b6 17. Qb1 Bc5 18. a5 Nb8 19. axb6 axb6 20. Nf5 Qd7 21. Nfe3 cxb5 22. Nxd5
Bxd5 23. Bxd5+ Qxd5 24. Ne3 Qe6 25. Kh2 e4 26. Ng2 exd3 27. cxd3 Nc6 28. Nf4 Qf7
29. Qxb5 Nd4 30. Qb2 Nf3+ 31. Kh1 Qb7 32. Ng2 Qd7 33. g4 Qxd3 34. Be3 Qd6 35. Bf4
Qc6 36. Qb3+ Kh8 37. Ra7 Nh4 38. f3 Ng6 39. Qf7 Re7 40. Rxe7 Nxe7 41. Qb3 Qd5 42.
Rb1 Qxb3 43. Rxb3 Rd1+ 44. Kh2 Nd5 45. Bb8 Kg8 46. Nf4 Rd2+ 47. Kh1 Kf7 48. Nxd5
Rxd5 49. Bc7 Rd7 50. Bxb6 Rb7 51. Bxc5 Rxb3 52. Kg2 Ke6 53. h4 h5 54. gxh5 Rb5 55.
Bf8 Rxh5 56. Kg3 g6 57. Kg4 Rb5 58. Ba3 Ra5 59. Bb2 Ra4+ 60. Kg3 Rc4 61. Ba3 f5 62.
Bb2 Kd5 63. Bg7 Kc5 64. Be5 Kb4 65. Bf6 Kb3 66. Kf2 Kc2 67. Ke2 Rc6 68. Bg5 Re6+
69. Kf2 Kd3 70. Bh6 Rc6 71. Bg7 f4 72. Kg2 Ke3  0-1

[Event "Olomouc Chess Summer 2025 - A"]
[Site "Olomouc (CZE), Hotel Flora"]
[Date "2025.08.22"]
[Round "7"]
[Board "1"]
[White "Kusa, Jakub"]
[Black "Pacher, Milan"]
[Result "1-0"]
[WhiteElo "2387"]
[BlackElo "2392"]
[PlyCount "0"]
[EventDate "2025.08.17"]
[EventRounds "9"]
[EventCountry "CZE"]

1. d4 d5 2. c4 dxc4 3. Nf3 Nf6 4. e3 e6 5. Bxc4 c5 6. O-O a6 7. dxc5 Bxc5 8. Qxd8+
Kxd8 9. Be2 Ke7 10. Nc3 b5 11. Nd2 Bb7 12. Nb3 Nbd7 13. Na5 Rab8 14. Nxb7 Rxb7 15.
b3 Bb4 16. Bb2 Rc7 17. Rac1 Rhc8 18. Nb1 g6 19. Rxc7 Rxc7 20. Rc1 Rxc1+ 21. Bxc1
Nd5 22. Kf1 Nc3 23. Nxc3 Bxc3 24. a4 bxa4 25. Ba3+ Kf6 26. bxa4 Nb6 27. Bd1 Nc4 28.
Bc5 a5 29. Ke2 Ne5 30. Bb3 g5 31. h3 h5 32. Bb6 Ke7 33. Bc5+ Kf6 34. Ba3 h4 35. Bc2
Nc6 36. Kd3 Be1 37. Bb2+ Ke7 38. Ke2 Bb4 39. Be4 Nd8 40. f4 f5 41. Bf3 gxf4 42. exf4
Nf7 43. Bd4 Bd6 44. Ke3 Bb4 45. Bb6 Nd6 46. Kd3 Kd7 47. Bf2 Nc8 48. Bxh4 Nb6 49.
Bd1 Nd5 50. g3 Be1 51. Ke2 Bc3 52. Kf3 Ne7 53. g4 e5 54. fxe5 Ng6 55. e6+ Kd6 56.
Bg3+ Ne5+ 57. Bxe5+ Bxe5 58. gxf5  1-0